000 00501nam a2200205Ia 4500
005 20250425162803.0
008 250425s9999 xx 000 0 und d
020 _a0849302285
041 _aeng
082 _a552.06
100 _aCARMICHAEL, ROBERT S.
245 0 _aCRC HANDBOOK OF PHYSICAL PROPERTIES OF ROCKS (VOLUME III)
250 _aS.E.
260 _aBOCA RATON
260 _aEstados Unidos
_bCRC PRESS
_c1982
300 _a340
650 _aROCAS
942 _c01
010 _a108680
999 _c236419
_d236419